| 000 | 00556nam a22001937a 4500 | ||
|---|---|---|---|
| 001 | 00028498 | ||
| 005 | 20260307092540.0 | ||
| 008 | 260307b ag ||||| |||| 00| 0 spa d | ||
| 020 | _a9500107643 | ||
| 040 |
_bspa _cAR-CcCEOS |
||
| 080 | _a94(100)"17/19" | ||
| 090 | _bBAR | ||
| 100 | 1 |
_aBarral, María Elena _9816 |
|
| 245 |
_aHistoria : _bEl mundo contemporáneo Siglos XVIII, XIX y XX / _cMaria Elena Barral |
||
| 260 |
_aBuenos Aires : _bÁngel Estrada y Cía, _cc2000. |
||
| 300 |
_a319 p. ; _c27x19 cm. |
||
| 650 | 0 | _ahistoria | |
| 942 |
_2udc _cBK |
||
| 999 |
_c28527 _d28527 |
||
| 945 |
_a66467 _bMelina Rolando _c66467 _dMelina Rolando |
||